000 00527nam a2200181Ia 4500
008 100917s9999 xx 000 0 und d
082 _b37108
100 _aभोसले चिं. तु.
245 _aनशिबाची नौका
260 _bबलवंत पुस्तक भांडार
_c---
300 _a78
365 _b2
520 _aनाटक
630 _aनशिबाची नौका
650 _aनाटक
730 _aनशिबाची नौका
942 _cBOOK
999 _c642502
_d642499